| 000 | 00824cab a2200241 4500 | ||
|---|---|---|---|
| 001 | X3496 | ||
| 008 | 090401t1996 xxu||||| |||| 00| 0 eng d | ||
| 035 | _a(Sirsi) u30844 | ||
| 041 | _aeng | ||
| 245 | _aSwann v White and others | ||
| 260 | _c1996 | ||
| 350 | _a0 | ||
| 490 |
_aRating & Valuation Reporter _v[1996] RVR 141-144(5) |
||
| 520 | _aLT 14 November 1995. Leasehold reform - enfranchisement - price - valuation - evidence of value - comparables - current ground rent - capitalisation - perpetuity - yield. (HEADNOTE FROM JOURNAL) | ||
| 650 | _aEXPERT EVIDENCE | ||
| 650 | _aFREEHOLD PURCHASE | ||
| 650 | _aLEASEHOLD REFORM ACT 1967 | ||
| 650 | _aLEASEHOLD REFORM | ||
| 650 | _aSWANN V WHITE AND OTHERS | ||
| 690 | _aLANDLORD AND TENANT-CASE LAW-LEASEHOLD REFORM | ||
| 942 | _n0 | ||
| 948 | _c04/03/1997 | ||
| 999 |
_c20777 _d20777 |
||